Capitals Without the Letters of “Brussels” - Statistics

General Stats
  • This quiz has been taken 4 times
  • The average score is 8 of 15
Answer Stats
Continents Capitals % Correct
North America Ottawa
100%
Asia Tokyo
100%
Oceania Apia
67%
Asia Hanoi
67%
Asia Naypyidaw
67%
North America Panama City
67%
Asia Pyongyang
67%
Europe Vatican City
67%
Asia Amman
33%
Asia Dhaka
33%
Africa Dodoma
33%
Asia Doha
33%
Asia Manama
33%
Europe Monaco
33%
North America Havana
0%
No matching quizzes found
Score Distribution
Percent of People with Each Score
Percentile by Number Answered
Your Score History
You have not taken this quiz